| 000 | 03668nam0a22003491 4500 | ||
|---|---|---|---|
| 001 | v19\rc\1562306 | ||
| 005 | 20260406164817.0 | ||
| 035 | _a(NLR Aleph) 004674889 | ||
| 090 |
_a3727948 _c3727948 |
||
| 100 | _a20060620d1891 |||y0rusy50 ca | ||
| 101 | 0 | _arus | |
| 102 | _aRU | ||
| 105 | _ay n ||||| | ||
| 200 | 1 |
_aДоклад, проект правил, журналы заседаний и материалы _fВысочайше учрежденная комиссия для пересмотра действующих узаконений о производстве дел по преступлениям и проступкам, совершаемым в Империи жителями Финляндии и в сем крае жителями Империи |
|
| 210 |
_aС.-Петербург _d1891 |
||
| 215 |
_a368, IV с. _d26 |
||
| 300 | _aПослед. колонцифра ошибочно: VI | ||
| 300 | _aВ части тиража доп. тит. л.: Объяснительная записка к проекту новой редакции устава уголовного судопроизводства, Особое приложение к т. 1 / Высочайше учрежденная Комиссия для пересмотра законоположений по судебной части. - С-Петербург : типография Правительствующего Сената, 1900 | ||
| 311 | _aЧасть тиража вышла как приложение к 1-му тому изд.: Объяснительная записка к проекту новой редакции устава уголовного судопроизводства / Высочайше учрежденная Комиссия для пересмотра законоположений по судебной части. - СПб., 1900 | ||
| 316 |
_aЭкз. РНБ на шифре 20.48.1.10 (6): Особое приложение к т. 1 _5NLR: 20.48.1.10 (6) |
||
| 422 | 0 |
_12001#$aОбъяснительная записка к проекту новой редакции устава уголовного судопроизводства$hт. 1$iОбщие положения и подсудность$fВысочайше учрежденная Комиссия для пересмотра законоположений по судебной части _1210##$aС.-Петербург$cтипография Правительствующего Сената$d1900 _15131#$aОсобое приложение к т. 1 _171001$3RU\NLR\AUTH\8810123028$aРоссия$bКомиссия для пересмотра законоположений по судебной части _tОбъяснительная записка к проекту новой редакции устава уголовного судопроизводства _aРоссия. Комиссия для пересмотра законоположений по судебной части |
|
| 710 | 0 | 1 |
_aРоссия _bКомиссия для пересмотра действующих узаконений о производстве дел по преступлениям и проступкам, совершаемым в империи жителями Финляндии и в Финляндии жителями империи _9367370 _3RU\NLR\AUTH\889936272 |
| 801 | 0 |
_aRU _bNLR _gpsbo |
|
| 801 | 0 |
_aRU _bRuMoRGB _2psbo |
|
| 801 | 1 |
_aRU _bProSoft-M _2rusmarc |
|
| 801 | 2 |
_aRU _bNLR _c20130711 _2rusmarc |
|
| 852 |
_aNLR _j20.48.1.10 (1, прил.) |
||
| 852 |
_aNLR _j17.134.5.29 |
||
| 899 |
_aRuMoRGB _jU 320/66 |
||
| 899 | _aГПИБ | ||
| 942 | _cBOOK | ||
| 980 | _aNB | ||